[Event "Rilton Cup 51st"]
[Site "Stockholm"]
[Date "2023.12.30"]
[Round "4"]
[White "D'Costa, Lorin AR"]
[Black "Eriksson, Daniel"]
[Result "1-0"]
[WhiteElo "2375"]
[BlackElo "2253"]
[PlyCount "131"]
[EventDate "2023.12.27"]
[EventType "swiss"]
[EventRounds "9"]
[EventCountry "SWE"]
[SourceTitle "CB02_2024"]
[SourceDate "2024.01.10"]
[SourceVersion "1"]
[SourceVersionDate "2024.01.10"]
[SourceQuality "1"]

1. Nf3 d5 2. e3 c5 3. b3 Nc6 4. Bb5 Qb6 5. c4 Nf6 6. Bb2 Bd7 7. Nc3 e6 8. 0-0 Be7 9. cxd5 exd5 10. d4 0-0 11. dxc5 Bxc5 12. Be2 Ne7 13. Rc1 Rfd8 14. Bd3 Rac8 15. Ne5 Be8 16. Ne2 Ng6 17. Nf3 Ne4 18. Ned4 Bd7 19. h3 Bb4 20. Rxc8 Rxc8 21. Qa1 Bc3 22. Bxc3 Nxc3 23. Rc1 Qa5 24. a3 Ne4 25. b4 Qd8 26. Rxc8 Qxc8 27. Bxe4 dxe4 28. Ng5 Qc4 29. Nxe4 f5 30. Nd2 Qd5 31. Qc3 f4 32. N2f3 fxe3 33. Qxe3 h6 34. Kh2 Kh8 35. h4 Bg4 36. g3 a6 37. Kg1 Bd7 38. Kh2 Bg4 39. Qe8+ Kh7 40. Qe3 Kh8 41. Nd2 Ne5 42. Kg1 Bh3 43. N4f3 Nxf3+ 44. Nxf3 Qd1+ 45. Ne1 Bd7 46. f3 Bc6 47. Kf2 Qd5 48. g4 Qd6 49. Ng2 Bb5 50. Nf4 g5 51. Ng2 Qd5 52. hxg5 hxg5 53. Qc3+ Kh7 54. Ne3 Qd6 55. Qg7+ Kxg7 56. Nf5+ Kf6 57. Nxd6 Bc6 58. Ke3 Ke5 59. Ne4 Bxe4 60. fxe4 b5 61. Kd3 Kf4 62. Kd4 Kxg4 63. e5 Kf5 64. Kd5 g4 65. e6 g3 66. e7 1-0

[Event "EU-ch Blitz"]
[Site "Zagreb"]
[Date "2023.12.16"]
[Round "7"]
[White "D'Costa, Lorin AR"]
[Black "Grigoriants, Sergey"]
[Result "1/2-1/2"]
[WhiteElo "2375"]
[BlackElo "2544"]
[PlyCount "47"]
[EventDate "2023.12.16"]
[EventType "swiss (blitz)"]
[EventRounds "13"]
[EventCountry "CRO"]
[SourceTitle "CB51_2023"]
[SourceDate "2023.12.20"]
[SourceVersion "1"]
[SourceVersionDate "2023.12.20"]
[SourceQuality "1"]

1. d4 Nf6 2. c4 e6 3. Nf3 d5 4. Nc3 c5 5. e3 Nc6 6. a3 a6 7. dxc5 Bxc5 8. b4 Ba7 9. Bb2 0-0 10. Be2 dxc4 11. Bxc4 Qe7 12. 0-0 Rd8 13. Qe2 h6 14. Rfd1 Rxd1+ 15. Rxd1 Bd7 16. Bd3 Be8 17. Ne4 Nxe4 18. Bxe4 Rd8 19. Rc1 Bb8 20. h3 Qd6 21. Bc2 Qe7 22. Be4 Qd6 23. Bc2 Qe7 24. Be4 1/2-1/2

[Event "EU-ch Rapid"]
[Site "Zagreb"]
[Date "2023.12.15"]
[Round "9"]
[White "D'Costa, Lorin AR"]
[Black "Plat, Vojtech"]
[Result "0-1"]
[WhiteElo "2375"]
[BlackElo "2509"]
[PlyCount "86"]
[EventDate "2023.12.14"]
[EventType "swiss (rapid)"]
[EventRounds "11"]
[EventCountry "CRO"]
[SourceTitle "CB51_2023"]
[SourceDate "2023.12.20"]
[SourceVersion "1"]
[SourceVersionDate "2023.12.20"]
[SourceQuality "1"]

1. d4 d6 2. Nf3 Bg4 3. c4 c6 4. Nc3 Nd7 5. e4 e5 6. Be2 Ngf6 7. Be3 Be7 8. d5 a5 9. Nd2 Bxe2 10. Qxe2 a4 11. 0-0 0-0 12. b4 axb3 13. axb3 Qc7 14. b4 Rfe8 15. Rfc1 Nf8 16. g3 Qd7 17. f3 Ng6 18. Na4 Bd8 19. b5 c5 20. Nb3 Qe7 21. Rc2 Nd7 22. Rca2 Qf8 23. Qc2 f5 24. Kg2 f4 25. Bf2 h5 26. Nc3 Rxa2 27. Rxa2 fxg3 28. hxg3 h4 29. Qd1 hxg3 30. Bxg3 Bh4 31. Bh2 Qf7 32. Ra7 Nf6 33. Na5 Nh5 34. Ne2 Rf8 35. Qf1 Ngf4+ 36. Nxf4 Nxf4+ 37. Kh1 Qh5 38. Nxb7 Bg3 39. Ra2 Rf6 40. Kg1 Rg6 41. Kh1 Rh6 42. Nxd6 Bxh2 43. Nf5 Bg3+ 0-1

[Event "EU-ch Rapid"]
[Site "Zagreb"]
[Date "2023.12.15"]
[Round "8"]
[White "Jovanovic, Zoran"]
[Black "D'Costa, Lorin AR"]
[Result "0-1"]
[WhiteElo "2515"]
[BlackElo "2375"]
[PlyCount "104"]
[EventDate "2023.12.14"]
[EventType "swiss (rapid)"]
[EventRounds "11"]
[EventCountry "CRO"]
[SourceTitle "CB51_2023"]
[SourceDate "2023.12.20"]
[SourceVersion "1"]
[SourceVersionDate "2023.12.20"]
[SourceQuality "1"]

1. e4 c5 2. Nf3 d6 3. d4 cxd4 4. Qxd4 Bd7 5. Bg5 Nc6 6. Qd2 h6 7. Bh4 Nf6 8. Bxf6 gxf6 9. Nc3 Qa5 10. Nd4 Rc8 11. Nb3 Qd8 12. 0-0-0 a6 13. f4 h5 14. Kb1 b5 15. Qf2 e6 16. f5 Ne5 17. Be2 b4 18. Bxa6 Ra8 19. Nd5 exd5 20. Bb7 dxe4 21. Bxa8 Qxa8 22. Qb6 Rg8 23. g3 Bxf5 24. Nd4 Bd7 25. Nb5 Bxb5 26. Qxb5+ Ke7 27. Qxb4 Ke6 28. Rd4 f5 29. Rhd1 Qc6 30. Qb3+ Kf6 31. Rb4 Be7 32. a4 Rc8 33. Rb8 Rxb8 34. Qxb8 Nc4 35. Qb5 Qxb5 36. axb5 Ke5 37. b3 Na3+ 38. Kb2 Nxb5 39. c4 Nc7 40. b4 d5 41. b5 Bc5 42. Rb1 d4 43. Kc2 Na8 44. Ra1 Nb6 45. Ra7 Nxc4 46. Rc7 Kd5 47. Rxf7 d3+ 48. Kc3 Bd4+ 49. Kb3 Nd6 50. Rd7 e3 51. b6 Bxb6 52. Kc3 e2 0-1

[Event "EU-ch Rapid"]
[Site "Zagreb"]
[Date "2023.12.14"]
[Round "3"]
[White "D'Costa, Lorin AR"]
[Black "Balog, Imre1"]
[Result "0-1"]
[WhiteElo "2375"]
[BlackElo "2619"]
[PlyCount "80"]
[EventDate "2023.12.14"]
[EventType "swiss (rapid)"]
[EventRounds "11"]
[EventCountry "CRO"]
[SourceTitle "CB51_2023"]
[SourceDate "2023.12.20"]
[SourceVersion "1"]
[SourceVersionDate "2023.12.20"]
[SourceQuality "1"]

1. d4 d5 2. c4 c6 3. Nf3 Nf6 4. Qb3 Qb6 5. Nc3 e6 6. Qc2 c5 7. e3 cxd4 8. Nxd4 e5 9. Nf3 d4 10. exd4 exd4 11. Nb5 Nc6 12. Bf4 Bb4+ 13. Nd2 0-0 14. 0-0-0 Ne8 15. Nb3 Bc5 16. a3 a6 17. Nc7 Nxc7 18. Bxc7 Qxc7 19. Nxc5 Rd8 20. Bd3 Ne5 21. Bxh7+ Kh8 22. Nd3 Nd7 23. Be4 Nf6 24. Bf3 Bf5 25. Kb1 Rac8 26. c5 b6 27. c6 Ne4 28. Ka1 Nc5 29. Be2 Qd6 30. g4 Bh7 31. Qc4 Rxc6 32. Nxc5 bxc5 33. Bd3 Bg8 34. Bb1 f5 35. Qe2 c4 36. Bxf5 c3 37. g5 cxb2+ 38. Kb1 Rc1+ 39. Kxb2 Rb8+ 40. Kxc1 Qxa3+ 0-1

[Event "EU-ch Blitz"]
[Site "Katowice"]
[Date "2022.12.16"]
[Round "6"]
[White "D'Costa, Lorin AR"]
[Black "Santos Latasa, Jaime"]
[Result "0-1"]
[WhiteElo "2375"]
[BlackElo "2668"]
[PlyCount "51"]
[EventDate "2022.12.16"]
[EventType "swiss (blitz)"]
[EventRounds "22"]
[EventCountry "POL"]
[SourceTitle "CBM 211 Extra"]
[Source "ChessBase"]
[SourceDate "2023.01.31"]
[SourceVersion "1"]
[SourceVersionDate "2023.01.31"]
[SourceQuality "1"]

1. Nf3 c5 2. c4 Nc6 3. Nc3 Nf6 4. g3 d5 5. cxd5 Nxd5 6. Bg2 g6 7. 0-0 Bg7 8. Ng5 e6 9. Nge4 b6 10. d3 0-0 11. Bg5 f6 12. Bd2 Nde7 13. a3 h6 14. Be3 Bb7 15. Rc1 f5 16. Nd2 Nd5 17. Nxd5 exd5 18. b4 d4 19. Bf4 g5 20. Qb3+ Kh7 21. bxc5 gxf4 22. cxb6 Na5 23. Qb5 Qxb6 24. Rb1 Bxg2 25. Kxg2 Rab8 26. Qxb6 0-1

[Event "EU-ch Blitz"]
[Site "Katowice"]
[Date "2022.12.16"]
[Round "15"]
[White "Drozdowski, Kacper"]
[Black "D'Costa, Lorin AR"]
[Result "1-0"]
[WhiteElo "2448"]
[BlackElo "2375"]
[PlyCount "55"]
[EventDate "2022.12.16"]
[EventType "swiss (blitz)"]
[EventRounds "22"]
[EventCountry "POL"]
[SourceTitle "CBM 211 Extra"]
[Source "ChessBase"]
[SourceDate "2023.01.31"]
[SourceVersion "1"]
[SourceVersionDate "2023.01.31"]
[SourceQuality "1"]

1. e4 e6 2. d4 d5 3. Nd2 c5 4. exd5 Qxd5 5. dxc5 Bxc5 6. Ngf3 Nf6 7. Bd3 0-0 8. Qe2 a6 9. Ne4 Be7 10. 0-0 Nbd7 11. Bg5 h6 12. Bh4 Qa5 13. c4 Re8 14. a3 Qc7 15. Bg3 Qb6 16. b4 Nxe4 17. Bxe4 Nf6 18. c5 Qa7 19. Rad1 Bd7 20. Bd3 Bc6 21. Ne5 Bd5 22. Nc4 Bxc4 23. Bxc4 a5 24. Bc7 axb4 25. axb4 Qa3 26. Rb1 Rec8 27. Be5 Qa7 28. Ra1 1-0

[Event "EU-ch Blitz"]
[Site "Katowice"]
[Date "2022.12.16"]
[Round "12"]
[White "Martynkova, Olena"]
[Black "D'Costa, Lorin AR"]
[Result "0-1"]
[WhiteElo "2227"]
[BlackElo "2375"]
[PlyCount "97"]
[EventDate "2022.12.16"]
[EventType "swiss (blitz)"]
[EventRounds "22"]
[EventCountry "POL"]
[SourceTitle "CBM 211 Extra"]
[Source "ChessBase"]
[SourceDate "2023.01.31"]
[SourceVersion "1"]
[SourceVersionDate "2023.01.31"]
[SourceQuality "1"]

1. d4 Nf6 2. Nf3 e6 3. Bf4 b6 4. h3 Bb7 5. e3 Be7 6. Be2 0-0 7. 0-0 c5 8. c3 cxd4 9. exd4 d6 10. Nbd2 Nbd7 11. a4 a6 12. Bh2 Re8 13. Nc4 Qc7 14. Ne3 Bf8 15. Nd2 g6 16. Bf3 e5 17. dxe5 dxe5 18. Bxb7 Qxb7 19. Ndc4 Qc6 20. Qe2 b5 21. axb5 axb5 22. Na5 Qb6 23. Nb3 h5 24. Rfd1 Rxa1 25. Rxa1 Nc5 26. Nxc5 Bxc5 27. Rd1 e4 28. Bg3 Kg7 29. Bh4 Re6 30. b4 Bxe3 31. Qxe3 Qxe3 32. fxe3 Rc6 33. Bxf6+ Kxf6 34. Rd4 Ke5 35. Rd7 Rxc3 36. Rxf7 Rb3 37. Rg7 Kf6 38. Rb7 Rxb4 39. Kf2 h4 40. Rb8 Rb2+ 41. Kf1 b4 42. Re8 Kf5 43. Rf8+ Ke5 44. Re8+ Kd5 45. Rg8 Kc4 46. Rxg6 Kd3 47. g4 hxg3 48. Rxg3 b3 49. Rg8 0-1

[Event "Barcelona Sant Marti op-A 22nd"]
[Site "Barcelona"]
[Date "2022.07.21"]
[Round "9"]
[White "D'Costa, Lorin AR"]
[Black "Narciso Dublan, Marc"]
[Result "1/2-1/2"]
[WhiteElo "2372"]
[BlackElo "2461"]
[PlyCount "124"]
[EventDate "2022.07.13"]
[EventType "swiss"]
[EventRounds "9"]
[EventCountry "ESP"]
[SourceTitle "CBM 209 Extra"]
[Source "ChessBase"]
[SourceDate "2022.09.30"]
[SourceVersion "1"]
[SourceVersionDate "2022.09.30"]
[SourceQuality "1"]

1. c4 f5 2. g3 Nf6 3. Bg2 e5 4. Nc3 Bb4 5. Nd5 a5 6. e3 c6 7. Nxf6+ Qxf6 8. Ne2 Be7 9. d3 d6 10. Nc3 Nd7 11. Qc2 0-0 12. b3 Qg6 13. d4 e4 14. Bb2 Nf6 15. Ne2 d5 16. a4 Qf7 17. 0-0 Be6 18. Rfc1 g5 19. Ba3 Bxa3 20. Rxa3 Qh5 21. Qd1 f4 22. exf4 Bg4 23. Ra2 gxf4 24. gxf4 Kh8 25. Qf1 Bxe2 26. Qxe2 Qxe2 27. Rxe2 Nh5 28. Rc3 Nxf4 29. Rd2 Rf6 30. cxd5 cxd5 31. f3 e3 32. Rxe3 Rg8 33. Rc3 Re6 34. Kf1 Rge8 35. Rcc2 Re3 36. Kf2 Rxb3 37. Bf1 Ree3 38. Be2 Rec3 39. Rxc3 Rxc3 40. Rb2 Ra3 41. Bb5 Ne6 42. Bd7 Nxd4 43. Rxb7 Nxf3 44. Bf5 Ng5 45. Bd7 Ne4+ 46. Kg2 Nc5 47. Ra7 d4 48. Rxa5 Nxd7 49. Ra8+ Kg7 50. Ra7 Kg6 51. Rxd7 Rxa4 52. Kf3 h5 53. Ke4 Kg5 54. Rxd4 Rxd4+ 55. Kxd4 Kg4 56. Ke3 Kh3 57. Kf2 Kxh2 58. Kf1 h4 59. Kf2 h3 60. Kf1 Kg3 61. Kg1 h2+ 62. Kh1 Kh3 1/2-1/2

[Event "Barcelona Sant Marti op-A 22nd"]
[Site "Barcelona"]
[Date "2022.07.14"]
[Round "2"]
[White "Canal Oliveras, Joan"]
[Black "D'Costa, Lorin AR"]
[Result "1/2-1/2"]
[WhiteElo "2149"]
[BlackElo "2372"]
[PlyCount "75"]
[EventDate "2022.07.13"]
[EventType "swiss"]
[EventRounds "9"]
[EventCountry "ESP"]
[SourceTitle "CBM 209 Extra"]
[Source "ChessBase"]
[SourceDate "2022.09.30"]
[SourceVersion "1"]
[SourceVersionDate "2022.09.30"]
[SourceQuality "1"]

1. e4 c6 2. d4 d5 3. Nc3 g6 4. h3 Bg7 5. Nf3 dxe4 6. Nxe4 Nf6 7. Nxf6+ exf6 8. Bd3 0-0 9. 0-0 Be6 10. Re1 a5 11. c4 Na6 12. Bf4 Re8 13. Rc1 Qd7 14. Qd2 a4 15. a3 Bf8 16. Bf1 Bd6 17. d5 cxd5 18. cxd5 Bxf4 19. Qxf4 Bxd5 20. Qxf6 Rxe1 21. Rxe1 Nc5 22. Re7 Qc6 23. Qf4 Rf8 24. Bc4 Bxc4 25. Qxc4 Qd6 26. Qh4 b6 27. Ne5 Kg7 28. Nc4 Qd1+ 29. Kh2 b5 30. Ne3 Qd6+ 31. Kg1 Nd3 32. Qg5 Qf6 33. Qxf6+ Kxf6 34. Nd5+ Kg7 35. Rb7 Nxb2 36. Rxb5 Nc4 37. Rb4 Nxa3 38. Rxa4 1/2-1/2

[Event "EU-ch 21st"]
[Site "Reykjavik"]
[Date "2021.09.01"]
[Round "7"]
[White "D'Costa, Lorin AR"]
[Black "Ragnarsson, Johann Hjortur"]
[Result "1-0"]
[WhiteElo "2381"]
[BlackElo "1916"]
[PlyCount "55"]
[EventDate "2021.08.26"]
[EventType "swiss"]
[EventRounds "11"]
[EventCountry "ISL"]
[SourceTitle "CBM 204"]
[Source "ChessBase"]
[SourceDate "2021.10.31"]
[SourceVersion "1"]
[SourceVersionDate "2021.10.31"]
[SourceQuality "1"]

1. Nf3 d5 2. g3 Nf6 3. Bg2 Bf5 4. 0-0 e6 5. d3 h6 6. c4 c6 7. b3 Nbd7 8. Bb2 Be7 9. Nbd2 0-0 10. a3 a5 11. Rc1 b5 12. Nd4 Qb6 13. cxb5 cxb5 14. Nxf5 exf5 15. Nf3 Bc5 16. Rc2 b4 17. a4 Ng4 18. d4 Bd6 19. Nh4 f4 20. e4 Nxf2 21. Kxf2 fxg3+ 22. hxg3 Ne5 23. Nf5 dxe4 24. Bxe4 Rad8 25. Kg2 g6 26. dxe5 Bxe5 27. Ne7+ Kh7 28. Nd5 1-0

[Event "Titled Tuesday intern op 17th Aug"]
[Site "Chess.com INT"]
[Date "2021.08.17"]
[Round "8"]
[White "D'Costa, Lorin AR"]
[Black "Diakonova, Ekaterina"]
[Result "1-0"]
[WhiteElo "2381"]
[BlackElo "2157"]
[PlyCount "77"]
[EventDate "2021.08.17"]
[EventType "swiss (blitz)"]
[EventRounds "11"]
[EventCountry "USA"]
[SourceTitle "EXT 2022"]
[Source "ChessBase"]
[SourceDate "2021.10.06"]
[SourceVersion "1"]
[SourceVersionDate "2021.10.06"]
[SourceQuality "1"]

1. Nf3 Nf6 2. c4 c5 3. Nc3 b6 4. g3 Bb7 5. Bg2 g6 6. 0-0 Bg7 7. d4 cxd4 8. Qxd4 0-0 9. Qh4 h5 10. Rd1 d6 11. e4 Nbd7 12. Bg5 Qc7 13. b3 Nc5 14. Nd4 a6 15. Rac1 Rfe8 16. Nd5 Nxd5 17. cxd5 Qd8 18. b4 Na4 19. Bh3 b5 20. Nc6 Bxc6 21. Rxc6 Nb6 22. Rdc1 Nc4 23. a4 Ne5 24. Qf4 Nd3 25. Qd2 Nxc1 26. Qxc1 bxa4 27. Qa3 a5 28. b5 Bc3 29. Rxc3 f6 30. Be6+ Kg7 31. Be3 g5 32. Qxa4 h4 33. g4 Qb8 34. b6 Qb7 35. Rc7 Qa6 36. Kg2 Qe2 37. h3 Ra6 38. b7 Kg6 39. Qxe8+ 1-0

[Event "Titled Tuesday intern op 17th Aug"]
[Site "Chess.com INT"]
[Date "2021.08.17"]
[Round "2"]
[White "D'Costa, Lorin AR"]
[Black "Dinu, Dumitru Daniel"]
[Result "1/2-1/2"]
[WhiteElo "2381"]
[BlackElo "2213"]
[PlyCount "54"]
[EventDate "2021.08.17"]
[EventType "swiss (blitz)"]
[EventRounds "11"]
[EventCountry "USA"]
[SourceTitle "EXT 2022"]
[Source "ChessBase"]
[SourceDate "2021.10.06"]
[SourceVersion "1"]
[SourceVersionDate "2021.10.06"]
[SourceQuality "1"]

1. Nf3 g6 2. c4 Bg7 3. Nc3 c5 4. g3 Nc6 5. Bg2 e5 6. a3 d6 7. 0-0 Nge7 8. Rb1 a5 9. Ne1 0-0 10. Nc2 Be6 11. Ne3 f5 12. d3 f4 13. Ned5 Nd4 14. b4 f3 15. exf3 Bxd5 16. cxd5 axb4 17. axb4 cxb4 18. Ne2 Nxf3+ 19. Bxf3 Rxf3 20. Nf4 Rxf4 21. gxf4 Qd7 22. Rxb4 Nxd5 23. Qb3 Qg4+ 24. Kh1 Qf3+ 25. Kg1 Qg4+ 26. Kh1 Qf3+ 27. Kg1 Qg4+ 1/2-1/2

[Event "Titled Tuesday intern op 17th Aug"]
[Site "Chess.com INT"]
[Date "2021.08.17"]
[Round "4"]
[White "D'Costa, Lorin AR"]
[Black "Golizadeh, Asghar"]
[Result "1-0"]
[WhiteElo "2381"]
[BlackElo "2455"]
[PlyCount "105"]
[EventDate "2021.08.17"]
[EventType "swiss (blitz)"]
[EventRounds "11"]
[EventCountry "USA"]
[SourceTitle "EXT 2022"]
[Source "ChessBase"]
[SourceDate "2021.10.06"]
[SourceVersion "1"]
[SourceVersionDate "2021.10.06"]
[SourceQuality "1"]

1. Nf3 Nf6 2. c4 e6 3. Nc3 Bb4 4. Qc2 Bxc3 5. Qxc3 b6 6. g3 Bb7 7. Bg2 0-0 8. 0-0 d6 9. b4 Nbd7 10. Bb2 Qe7 11. d3 e5 12. e4 c5 13. a3 Ne8 14. Nh4 Nc7 15. f4 f6 16. Nf5 Qe6 17. Rf2 Nb8 18. Raf1 Nc6 19. h4 Nd4 20. Nxd4 cxd4 21. Qd2 a5 22. b5 Qe7 23. Kh2 Ne6 24. Qe2 Nc5 25. g4 f5 26. g5 fxe4 27. dxe4 Ne6 28. f5 Nf4 29. Rxf4 exf4 30. Rxf4 Qe5 31. Qd2 Rae8 32. Bxd4 Qe7 33. f6 Qc7 34. fxg7 Rxf4 35. Qxf4 Qxc4 36. Qxd6 Qe2 37. Qd7 Qh5 38. Kg3 Bc8 39. Qd5+ Be6 40. Bf3 Qf7 41. Qd6 Bd7 42. a4 Be6 43. Qf4 Bb3 44. Qxf7+ Kxf7 45. Bh5+ Ke7 46. Bxe8 Kxe8 47. Bxb6 Kf7 48. Bxa5 Kxg7 49. Bc3+ Kf7 50. a5 Ke7 51. a6 Bc2 52. Kf4 Ba4 53. a7 1-0

[Event "Titled Tuesday intern op 22nd Dec"]
[Site "Chess.com INT"]
[Date "2020.12.22"]
[Round "2"]
[White "D'Costa, Lorin AR"]
[Black "Noritsyn, Nikolay"]
[Result "0-1"]
[WhiteElo "2381"]
[BlackElo "2512"]
[PlyCount "66"]
[EventDate "2020.12.22"]
[EventType "swiss (blitz)"]
[EventRounds "11"]
[EventCountry "USA"]
[SourceTitle "CBM 199 Extra"]
[Source "ChessBase"]
[SourceDate "2021.01.31"]
[SourceVersion "1"]
[SourceVersionDate "2021.01.31"]
[SourceQuality "1"]

1. Nf3 d5 2. c4 e6 3. g3 c6 4. Bg2 Nf6 5. b3 a5 6. 0-0 a4 7. Bb2 a3 8. Bc1 b5 9. d3 Nbd7 10. Qc2 Be7 11. Nc3 Ba6 12. Bf4 0-0 13. cxb5 cxb5 14. Rac1 Qa5 15. Qb1 Rfc8 16. Qa1 b4 17. Nb1 h6 18. Ne5 Bb5 19. Nd2 Bf8 20. Nxd7 Nxd7 21. Nf3 Ba6 22. Rxc8 Rxc8 23. Rc1 Qd8 24. Bd2 g5 25. Qb1 Rc7 26. Rxc7 Qxc7 27. Ne1 Ne5 28. Qc2 Nc6 29. Qc1 Qb6 30. Be3 Nd4 31. Kf1 Bc5 32. Nf3 Nxb3 33. Bxc5 Qxc5 0-1

[Event "EU-ch blitz"]
[Site "Tallinn"]
[Date "2019.12.07"]
[Round "10"]
[White "Haitin, Ilja"]
[Black "D'Costa, Lorin AR"]
[Result "0-1"]
[WhiteElo "2146"]
[BlackElo "2361"]
[PlyCount "96"]
[EventDate "2019.12.07"]
[EventType "swiss (blitz)"]
[EventRounds "22"]
[EventCountry "EST"]
[SourceTitle "CBM 193 Extra"]
[Source "ChessBase"]
[SourceDate "2020.01.31"]
[SourceVersion "1"]
[SourceVersionDate "2020.01.31"]
[SourceQuality "1"]

1. d4 Nf6 2. Bg5 c5 3. d5 Ne4 4. Bf4 Qb6 5. Qc1 g6 6. f3 Nd6 7. e4 Bg7 8. c3 f5 9. Nd2 0-0 10. Be3 fxe4 11. fxe4 e6 12. dxe6 dxe6 13. Ngf3 Qc7 14. Be2 b6 15. 0-0 Bb7 16. Qc2 Nc6 17. Nc4 Rae8 18. Rad1 Nxc4 19. Bxc4 Ne5 20. Be2 Ng4 21. Rd3 Bxe4 22. Qd2 Bxd3 23. Bxd3 e5 24. Be4 Nf6 25. Qc2 Nxe4 26. Qxe4 Qd7 27. c4 Kh8 28. b3 Qf5 29. Qb7 Rf7 30. Qc6 Qd7 31. Qe4 Rf5 32. h3 Rd8 33. Re1 Qd3 34. Qh4 Re8 35. Ng5 h6 36. Nf3 Rh5 37. Qg4 Kh7 38. Rf1 Qf5 39. Qg3 Qe6 40. Re1 Rf5 41. Bc1 e4 42. Nh4 Bd4+ 43. Kh1 Bf2 44. Qg4 Bxe1 45. Nxf5 Qxf5 46. Qe2 Bc3 47. Be3 Bd4 48. Bc1 e3 0-1